| 000 | 01300nam0a2200313 4500 | ||
|---|---|---|---|
| 001 | RU\NLR\BIBL_A\022456406 | ||
| 005 | 20250609155323.0 | ||
| 010 |
_a978-5-85797-459-9 _9300 |
||
| 021 |
_aRU _bКН-П-24-080386 _9КН-П-24-8024 |
||
| 035 | _a(NLR Aleph) 022456406 | ||
| 090 |
_a13425839 _c13425839 |
||
| 100 | _a20250213d2024 k y0rusy50 ca | ||
| 101 | 0 | _arus | |
| 102 | _aRU | ||
| 105 | _aa z 000yy | ||
| 181 | 0 |
_ai _bxxxe |
|
| 182 | 0 | _an | |
| 200 | 1 |
_aГосударственная политика в сфере кооперации на Дальнем Востоке России (октябрь 1917–1929 гг.) _eмонография _fЕ. А. Берестенникова |
|
| 203 |
_aТекст _bвизуальный _cнепосредственный |
||
| 210 |
_aХабаровск _cИзд-во ДВГМУ _d2024 |
||
| 215 |
_a165 с. _cтабл. _d21 |
||
| 320 | _aБиблиогр.: с. 159–165 и в подстроч. примеч. | ||
| 606 | 1 |
_aЭкономическая политика _z20 в. _2nlr_sh2 _3RU\NLR\AUTH\661468377 |
|
| 686 | 1 | _aУ5-18 | |
| 700 | 1 |
_aБерестенникова _bЕ. А. _gЕлена Александровна |
|
| 942 | _cBOOK | ||
| 980 | _aNB | ||